00733nam a2200229Ia 4500003000400000005001700004008004100021020001500062040001800077041000800095082002100103100002200124245010100146250001200247260005500259300002800314650004600342650004900388650002300437700002400460700001900484OSt20251202153338.0210716s1997 xx 000 0 und d a8190082833 cAIMIT LIBRARY aeng a006.32 21bMEHK aMehrotra, Kishan. aElements of artificial neural networks /cBy Kishan Mehrotra, Chilukuri K Mohan and Sajay Ranka. a1st ed. aMumbai :bPenram International Publishing ,c1997. aix,344p. ;bPBc23.8 cm aSupervised learning: multilayer network I aSupervised learning : multilayer networks II aAssociative models aMohan, Chilukuri K. aRanka, Sanjay.